LEADER 01674nam a2200349 u 4500 001 000000081103 003 CaOOAMICUS 005 20070226123723.0 008 050315s2003 it u000 u ita u 020 $a8814104247 035 $a11034070 040 $aPUL$bita 245 00$aCodice dei beni culturali di interesse religioso /$ca cura di M. Renna, V.M. Sessa, M. Vismara Missiroli. 260 $aMilano :$bGiuffrè,$c2003. 300 $aviii, 939 p. ;$c22 cm +$eCD-rom 500 $aIn testa al front.: CESEN - Centro studi sugli enti ecclesiastici. 500 $aAggiornato alla G.U.del 31 Maggio 2003, N.125. 500 $aContiene indici. 504 $aBibliografia in nota. 650 4$aBeni ecclesiastici$xAmministrazione$xFonti.$0(OLS)http://pul/subject/7680 700 1 $aRenna, M.$0(OLS)http://pul/name/54085 700 1 $aVismara Missiroli, Maria.$0(OLS)http://pul/name/27162 700 1 $aSessa, V.M.$0(OLS)http://pul/name/54086 710 2 $aCESEN (Centro studi sugli enti ecclesiastici).$0(OLS)http://pul/name/27163 850 $aPUL 852 $aPUL$W1$xDP2 Diritto e Scienze Sociali 3$y110$m344. 45094 CESEN 1$j103506$nBK-PRI$qDDC 21$q$a2.a copia$B103506$CPULBib$Z2$F103506 $H94066 $81 852 $aPUL$W1$xSL Diritto e Scienze Sociali 3$y79$m348. 45 COD 5.3$j124606$nBK-PRI$qDDC 21$B103505$CPULBib$Z2$F103505 $H97397 $82 941 1 $a8 941 1 $a9 996 $6020$a8814104247$9(OLS)http://pul/number/107399 996 $6245$aCodice dei beni culturali di interesse religioso$9(OLS)http://pul/title/106116 996 $6260$aMilano :$bGiuffrè$9(OLS)http://pul/publisher/48401 LEADER 01288nam a2200277 a 4500 001 000000153441 003 CaOOAMICUS 005 20160902125205.0 008 160902s2016 it rm 000 0 eng r 032 $aLibriCat 040 $aPUL$bita 100 1 $aMonchena,Thomas Marwa.$0(OLS)http://pul/name/97679 245 14$aThe interplay of moral and political philosophy in the thought of Ives R.Simon /$cThomas Marwa Monchena. 260 $aRomae :$b[s.n.],$c2016. 300 $a166 p.;$c24 cm 502 $aEstratto da Tesi di Dottorato in Filosofia--Pontificia Universitas Lateranensis, 2016. 504 $aBibliografia: p.[143]-164. 600 14$aSimon, Yves Renè Marie,$d1903-1961.$0(OLS)http://pul/subject/33533 650 4$aFilosofia politica$xCritica e interpretazione.$0(OLS)http://pul/subject/25216 710 2 $aPontificia Università Lateranense$bFacoltà di filosofia$kTesi.$0(OLS)http://pul/name/81773 850 $aPUL 852 $aPUL$W1$xDP1 Tesi Pon Univ. Lateranense$y41$m2016 A 10$j176691$qTesi$B179323$CPULBib$Z2$F179323 $82 941 1 $a16 996 $6245$aThe interplay of moral and political philosophy in the thought of Ives R.Simon$9(OLS)http://pul/title/192910 996 $6260$aRomae :$b[s.n.]$9(OLS)http://pul/publisher/48223